00000000nam##2200000za#4500
0019.611620
003CaOODSP
00520231123084322
007ta
008150406|1995||||xxc|||||     f|0| 0 eng|d
040 |aCaOODSP|beng
043 |an-cn---
0861 |aE54-10/94-52E
1101 |aCanada. |bForeign Affairs and International Trade Canada.
24510|aNotes for an address by the Honourable André Ouellet, Minister of Foreign Affairs, in the House of Commons on Canada's role in peacekeeping : |bOttawa, September 21, 1994
260 |aOttawa - Ontario : |bForeign Affairs and International Trade
300 |a5p. ; |c28 cm.
4901 |aStatement|v94/52
69007|aPeace|2gcpds
69007|aPeacekeeping|2gcpds
830#0|aStatement ;|v94/52|w(CaOODSP)9.514511